000 00356cam a2200145ua 4500
003 OSt
008 241101b |||||||| |||| 00| 0 eng d
041 _aeng
082 _a621.47
_bLOC/AG
100 _aLockoretz, William .
_96376
245 _aAgriculture and energy /
260 _aNew York :
_bAcademic Press ,
_c1976.
300 _a750 ; .
942 _cBK
999 _c6202
_d6202